[Event "Olympiad-41"]
[Site "Tromsoe"]
[Date "2014.08.04"]
[Round "3.1"]
[White "Caruana, Fabiano"]
[Black "Negi, Parimarjan"]
[Result "1-0"]
[WhiteElo "2801"]
[BlackElo "2645"]
[Annotator "Marin,M"]
[PlyCount "113"]
[EventDate "2014.08.02"]
[EventType "team-swiss"]
[EventRounds "11"]
[EventCountry "NOR"]
[SourceTitle "CBM 162"]
[Source "ChessBase"]
[SourceDate "2014.09.17"]
[SourceVersion "1"]
[SourceVersionDate "2014.09.17"]
[SourceQuality "1"]
[WhiteTeam "Italy"]
[BlackTeam "India"]
[WhiteTeamCountry "ITA"]
[BlackTeamCountry "IND"]

{One of the main problems of modern opening preparation is how to break
Black's walls in a series of fashionable hyper-solid lines. At first sight,
this may seem to be a perennial problem, but things have not always been like
this. Fashion and general approach change with the alternation of generations.
In the best years of Tal and Kasparov, for instance, one common question was
how to avoid being smashed tactically in the King's Indian! Moreover, some of
Black's most reliable openings of today enjoyed a rather questionable
reputation in the past.  ** After the supposedly warming-up days, the third
round scheduled matches between teams of similar strength already, which makes
natural the emergence of solid variations. The good news for those believing
in the inexhaustible character of our favourite game is that in a few
important games between strong players Black's walls did not withstand White's
pressure. The first game of the today's selection features what may be the
main source for White's nightmares: the Berlin Defence. In the past, this was
considered a modest variation, suited only for players wth good defensive
skills in desperate need of a draw with Black. Things have changed quite a lot
over the past decades...} 1. e4 e5 2. Nf3 Nc6 3. Bb5 Nf6 4. O-O Nxe4 5. d4 Nd6
6. Bxc6 dxc6 7. dxe5 Nf5 8. Qxd8+ Kxd8 9. h3 Bd7 {Actually, this is a
questionable opening choice against the Italian super GM, who has obtained a
few important victories against it.} ({Among other, he has caused Carlsen's
only Berlin defeat in a game at classical time rate. It is interesting to
mention that just as in the current game, Caruana met ...Bf8-e7 with g2-g4:} 
9... h6 10. Rd1+ Ke8 11. Nc3 Bd7 12. Bf4 Rd8 13. Ne4 Be7 14. g4 {Caruana,F 
(2783)-Carlsen,M (2881) Shamkir 2014 CBM 160 [Caruana,F] (1-0, 53)}) 10. Rd1
Be7 11. g4 ({Earlier this year, Caruana had delayed the advance of the g-pawn
for one move:} 11. Nc3 Kc8 12. g4 Nh4 13. Nxh4 Bxh4 14. Be3 (14. Ne4 b6 15. Bg5
Bxg5 16. Nxg5 h6 17. Nxf7 Re8 18. f4 Be6 19. Nxh6 gxh6 20. f5 Bxf5 21. gxf5
Rxe5 {Karjakin,S (2771)-Carlsen,M (2881) Stavanger 2014 CBM 161 [Marin,M] (1/
2-1/2, 38)}) 14... b6 15. Rd2 c5 16. Nd5 Re8 17. Rad1 Bc6 18. Bf4 h6 19. Kg2
Kb7 20. c4 a5 (20... Re6 21. Re1 Rae8 22. Re3 f6 23. exf6 Bxf6) 21. Re1 Rad8
22. Bg3 Bxg3 23. Kxg3 f6 24. f4 $14 {Caruana,F (2789)-Adams,M (2743) Dortmund
2014 (1-0, 48)}) 11... Nh4 12. Nxh4 Bxh4 {The knight exchange has a few
positive consequences for White. The f-pawn will be easier to advance while
Black's chances for counterplay are reduced to the minimum.} 13. Nd2 $5 {
This is where Caruana truly deviates from his game against Adams. The knight
hurries to unblock the kingside and prepare the exchange of the dark-squared
bishops.} Kc8 14. Nf3 Be7 15. Rd3 {Activating the rook without defining
anything yet.} ({With the c5-square available,} 15. Bg5 {did not prove too
effective:} Bc5 $5 16. Rd3 Be6 17. Be3 Bxe3 (17... Be7 18. Nd4) 18. Rxe3 Kd7
19. Rd1+ Ke7 20. Nd4 Rad8 21. Red3 g6 22. Nxe6 Rxd3 23. Rxd3 Kxe6 24. f4 h5 25.
Kg2 hxg4 26. hxg4 a5 27. Kg3 Rh1 28. Rd8 g5 {Leko,P (2737)-Adams,M (2743)
Dortmund 2014 (1/2-1/2, 33)}) 15... c5 $146 {This is a thematic move,
restricting the knight and preparing for ...Bc6. Its drawback is taking the
c5-square away from the other bishop. This kind of dilemma was long ago
highlighted by Rudolf Spielmann. After 1.d4 d5 2.c4, he said, Black has to
choose which bishop to activate in the opening, but he cannot do it with both
at the same time.} ({However, it makes sense to prevent White's next move with
} 15... h6 16. Nd4 Re8 17. Bf4 c5 18. Nf5 Bf8 19. c4 a6 20. Ne3 b5 21. b3 g5
22. Bg3 Be6 23. Rad1 Kb7 24. h4 Kc6 25. h5 Reb8 26. f3 a5 {Caruana,F (2782)
-Grischuk,A (2785) Warsaw 2013 (1/2-1/2, 42). Despite White's optically
impressive kingside progress, Black is solid, perfectly regrouped and ready
for queenside counterplay.}) ({I would also consider the equally thematic} 
15... b6 $5 {keeping the possibility of meeting} 16. Bg5 {with} Bc5) 16. Bg5 {
It is worth mentioning that with the king on e8 this move would rather help
Black who would get the e7-square for his king, with chances to attack the far
advanced e5-pawn.} c4 $6 {With his development incomplete, Black should have
abstained from displaying dynamic ambitions. Weakening the queenside dark
squares will have a decisive influence in the final part of the game.} ({
The cautious} 16... Re8 $5 {would have not offered Black real chances to get
some counterplay against the e5-pawn, but might have been a better alternative:
.} 17. Bxe7 Rxe7 18. Re1 Bb5 19. Rd2 b6 20. Nh4 g6 21. f4 Kb7 22. Kf2 Rf8 23.
Kg3 a5 24. Nf3 $14 {With good chances for White on the kingside.}) 17. Rd4 Bc6
18. Bxe7 Bxf3 {Black must have overestimated the drawish tendencies of the
rooks and opposite colured bishops ending. White can advance his massive
kingside majority without having any kind of worries on the opposite side of
the board.} 19. Kh2 Re8 20. Bh4 c6 21. Re1 Bd5 22. f4 a5 23. c3 b5 $6 {Same
complaint as after ...c5-c4. Black does not get any real counterplay, but
weakens his dark squares even more.} (23... a4 $5 24. a3 b6 {would secure the
queenside and the centre, restricting White's area of activity.} 25. f5 Ra7 $14
) 24. Rd2 b4 25. Bf2 bxc3 26. bxc3 Rb8 27. f5 a4 (27... Rb5 $5 {[%csl Gc5]} 28.
Kg3 (28. a4 $6 Rb3 $132) 28... a4 29. Kf4 $14) 28. Bc5 {All through this phase,
we can notice the high mobility of the white bishop, a direct consequence of
the impatient ...c5-c4 and ...b7-b5. I assume that by now Black's position is
very hard to save.} Rb7 29. Kg3 Kd7 30. Ba3 Rb5 31. Kf4 Rbb8 32. h4 Rb5 33. h5
h6 {From a practical point of view, it is very hard to decide which would be
the best defensive structure. Black is doomed to passivity and can only hope
not to make things even worse for himself.} 34. Rdd1 f6 {Another committal
decision. Black was probably worried about the threat f5-f6, but his move
leaves the whole kingside weak transforming the e-pawn into a dangerous passer.
} 35. e6+ Kc7 36. Rb1 Reb8 37. Rb4 Ra8 38. Reb1 Rab8 39. Ke3 Kb6 40. Rd1 Rxb4
41. Bxb4 Kc7 42. Re1 $1 {An instructive zugzwang position. Black's
possibilities are strongly retsricted. He has to defend the b-file against the
enemy rook's intrusion and the back rank against Bf8. This more or less
imobilises the king and rook, while the bishop has only one move at its
disposal!} Kd8 {The alternatives are no better.} (42... Bg2 {exposes the
bishop, allowing White to gain a decisive tempo in the following variation:}
43. Rb1 $1 {Threatening Bd6!+} Kc8 44. Rg1 $1 {Unpinning the bishop.} Bd5 45.
Bf8 {With similar play as in the game.}) ({Or if} 42... Re8 43. Rb1 {the rook
invades through the b-file since} Rb8 {is impossible due to} 44. Bd6+ $1) 43.
Bf8 Rb7 44. e7+ Ke8 45. Re2 $5 {According to classical standards, a technical
move, preventing any second rank counterplay.} ({But White's position was so
strong that he could have done without it by playing} 45. Kf4 $5 {followed by
Bxg7 soon.}) 45... Rb1 46. Bxg7 Kxe7 47. Kf2+ Kf7 48. Bxh6 a3 49. Bf4 Rd1 50.
Bd6 {The start of the decisive attack.} Rd3 51. Re7+ Kg8 52. h6 Rh3 53. Rg7+
Kh8 54. Rg6 Rxc3 55. Be7 Kh7 56. Bxf6 {There is no defence against the mating
attack based on g4-g5 and Rg7+.} Rc2+ {The last "revenge check".} 57. Kg3 1-0

[Event "Sinquefield Cup 2nd"]
[Site "Saint Louis"]
[Date "2014.08.31"]
[Round "5"]
[White "Nakamura, Hikaru"]
[Black "Caruana, Fabiano"]
[Result "0-1"]
[WhiteElo "2787"]
[BlackElo "2801"]
[Annotator "Sagar Shah"]
[PlyCount "134"]
[EventDate "2014.08.27"]
[EventType "tourn"]
[EventRounds "10"]
[EventCountry "USA"]
[EventCategory "23"]
[SourceTitle "CBM 162"]
[Source "ChessBase"]
[SourceDate "2014.09.17"]
[SourceVersion "1"]
[SourceVersionDate "2014.09.17"]
[SourceQuality "1"]

{This was the last round before the half-way mark in the tournament. Caruana
was leading the tournament wth 4.0/4. Nakamura on the other hand was on just 1.
5/4.} 1. d4 d5 2. c4 c6 3. Nf3 Nf6 4. Nbd2 $5 {A very surprising and
unambitious move by Hikaru. Checking in the Mega-database you will find that
this is the first time that he has played this with White. Maybe he just
wanted to avoid all theoretical continuations and play a normal game of chess.}
Bf5 {A natural move by Caruana, developing his B on an active square.} 5. Nh4
Be4 6. f3 (6. Nxe4 $6 {gives White the advantage of the bishop pair but he
starts to lag behind in development because of his N on h4.} Nxe4 7. Nf3 e5 $1
{threatening Bb4+} 8. a3 Qa5+ 9. Bd2 Nxd2 10. Qxd2 Qxd2+ 11. Nxd2 exd4 $15)
6... Bg6 7. e3 e6 8. g3 (8. Nxg6 hxg6 9. Bd3 {could have been the most normal
way to continue} Bd6 10. f4 c5 $36 {Black has a good initiative.}) 8... Be7 9.
a3 {Nakamura's play is quite confusing. What is the point of the move a3? I am
not really sure.} Nbd7 {On the other hand Fabiano plays natural and good
developing moves.} 10. cxd5 {You will notice that Nakamura took on d5 only
after the black N had developed to d7. If he were to take on d5 with the N
still on b8, then it would have given Black the opportunity to develop his N
to c6.} cxd5 {Caruana figures that later he could break in the centre with ...
e5 and hence takes back with c-pawn.} (10... exd5 {usually creates more
imbalance in the pawn structure. In this position White can aim for an
eventual e4 and gaining space in the centre.} 11. Nxg6 hxg6 12. Bg2 {with an
interesting position.}) 11. Nxg6 hxg6 12. Bd3 e5 $5 {Caruana makes use of his
lead in development to open the position.} 13. O-O O-O (13... exd4 $6 14. exd4
Qb6 15. Nb3 $14 {is a clear advantage to White.}) 14. Qb3 Qc8 $6 (14... Qb6 $6
{Usually Qb3 is met with Qb6 in the Slav. But here it is not so good as after}
15. Qxb6 axb6 16. Nb1 $1 {A theme that you will see in the game also. The N is
more useful on c3 and hence is re-routed over there.}) (14... a5 $5 {can be an
improvement.} 15. Qxb7 a4 $44 {White's pieces are clumsily placed and Black
has sufficient compensation.}) 15. Nb1 $1 {This is the reason why Hikaru
Nakamura is one of the best players in the world. The American grandmaster
senses that the N will be excellently placed on c3 and is not hesitant about
"undeveloping" it.} exd4 16. exd4 Nb8 $1 {With the same logic as Nakamura,
Caruana too brings his N to a more active square on c6. But, in this
symmetrical position, White has slightly better chances thanks to his B pair.}
17. Nc3 Nc6 18. Be3 (18. Nxd5 Nxd5 19. Qxd5 Nxd4 $1 (19... Rd8 $6 20. Qa2 Nxd4
21. Bxg6 $14) 20. Kg2 (20. Bxg6 $2 Qc5 $1 $19) 20... Rd8 21. Qa2 g5 $11) 18...
Qd7 19. Rad1 Rfd8 (19... Rfe8 {looked more natural to me and then putting the
other R on c8. But Caruana has quite a nice regrouping plan in mind.}) 20. Rfe1
Ne8 $5 {[%cal Ge7f6,Gc7e6,Ge8c7,Ge6d4,Gf6d4,Gc6d4] Caruana regroups his pieces
in such a way that his N could go from f6-e8-c7-e6 and B could go to f6 and
all would attack the pawn on d4.} 21. Bf2 (21. Bb1 $5 {With the same logic as
Caruana, White too could have placed his B on a2 in order to pressurise the
d5-pawn.} Nc7 22. Ba2 Bf6 23. Qc2 $13) 21... Nc7 22. Bf1 $1 {Nakamura is
waiting for the N to come to e6 so that he could pin it with Bh3.} (22. Qxb7
Rdb8 $1 $19 (22... Rab8 23. Rxe7 Nxe7 24. Qxa7)) 22... Bf6 (22... Ne6 $2 23.
Bh3 $16) 23. Qa2 $6 {The Q makes way for the b-pawn to go b4-b5.} (23. f4 $5 {
with the idea of Bg2 is definitely an improvement over the game move.}) 23...
g5 $1 {Gaining space on the kingside and at the right moment he can also play
g4. Another idea behind this move is to play g6 followed by Kg7 which Caruana
does play in the game. You can see how one move has multiple purposes.} 24. b4
g6 25. Qd2 (25. b5 Na5 $132) 25... Kg7 {Caruana is waiting and slowly
improving his position. He knows that Nakamura does not have the same amount
of patience and will lash out pretty soon.} 26. b5 $6 {Unnecessary. This move
creates too many weaknesses in White's camp.} Ne7 {The N will go to f5 now.} (
26... Na5 {With the idea of ... Nc4 was also a good idea.} 27. Nxd5 Qxd5 28.
Qxa5 Ne6 $15 {[%csl Rd4,Rf3]}) 27. Be3 Ne6 28. Bh3 Nf5 {Black's pieces picked
a target (the d4-pawn) and built up the pressure on it.} 29. Bxf5 gxf5 30. f4 {
Why would Nakamura put another pawn on a square of the same colour as his B?
The point is that Black having the option of playing ...f5-f4 at an
appropriate moment was too much for Nakamura to calculate on every move and
hence he decided to clarify the situation.} (30. Ne2 Qxb5 31. Qc2 Qd7 32. Qxf5
Nf4 33. Qc2 (33. Qxd7 Nxe2+ 34. Rxe2 Rxd7 $15) 33... Rac8 34. Qd2 Nxe2+ 35.
Rxe2 Qf5 $15) (30. a4 Rac8 $15) 30... g4 $15 {Black has a small but stable
advantage thanks to a better B and also an outpost on the c4 square for his R.}
31. Qd3 Rac8 32. Rc1 Rc4 $1 {Caruana sees that his pawn on f5 is not hanging
and tries to maximize his position on the c-file and also attack the d4-pawn.}
33. Ne2 (33. Qxf5 $2 Nxd4 34. Qxd7 Nf3+ 35. Kf2 Rxd7 $19 {[%cal Rf3e1,Rf6c3,
Rc4c3]}) 33... Nc7 $1 {The computer like precision with which Caruana is
playing is mind boggling.} (33... Qxb5 $6 34. Qxf5 $14 {and with the g4-pawn
falling, this has to be better for White.}) 34. Nc3 (34. a4 Rxa4 $17) (34. Rxc4
dxc4 35. Qxc4 Nxb5 $17) 34... Rc8 $1 {The threat is stronger than its
execution. Rather than doing something concrete, Black keeps improving his
pieces before the final blow. The R was passive on d8 and hence he has
activated it along the c-file.} 35. h3 {In desperation Nakamura tries to find
some counterplay. But he just loses a pawn.} gxh3 36. Kh2 Nxb5 $19 {And there
goes another one.} 37. Nxb5 Qxb5 38. Kxh3 (38. Qxf5 $2 Qb2+ 39. Kxh3 Rxc1 $19)
(38. Rxc4 dxc4 $19 {defends the f5-pawn.}) 38... Qd7 $1 {Cool play by Caruana.
He is a pawn up and has a completely winning position. There is no need to
rush. He brings back the Q in order to defend f5 and also to unpin his c4-R.}
39. Kg2 b5 40. Rb1 a6 {no hurry. Just slowly improving the position.} 41. Rbc1
Qe6 {Threatening a Q exchange with ...Qe4+. Nakamura tries his last chance to
disturb the material balance.} 42. Bf2 (42. Bd2 Rxd4 $19) 42... Rxc1 (42...
Qe4+ $1 {would have been a clean finish.} 43. Rxe4 fxe4 44. Qd1 Rxc1 45. Qg4+
Kf8 {Black has a better pawn structure than in the game and will win easily.})
43. Rxe6 fxe6 {The material balance has bee disrupted but Black has a
completely winning position. However sometimes it works in the favour of the
defender to change the material balance as it is difficult for the winning
side to adjust to the new situation quickly.} 44. g4 $2 {Nakamura plays as
actively as he can. He knows that if Black consolidates then he is lost. But
here he misses a very strong tactic for the black side.} fxg4 $6 {Thats a
human move. But considering the form Caruana was in he should have found the
extremely strong} (44... Bh4 $3 {What a fantastic move. For a few minutes you
might be wondering what exactly is the point of this move. It's a Q trap!!} 45.
Bxh4 (45. gxf5 R8c2 $19) 45... R8c3 $1 $19 {The Q is trapped as it cannot go
to the second rank. What domination!}) 45. Qe2 Kf7 46. Qd3 $5 {Nakamura keeps
finding resources to make Black's technical task as difficult as possible. He
is now threatening Q infiltration to h7.} (46. Qxg4 Rg8 $19) 46... R1c2 47.
Qh7+ Ke8 48. f5 $2 {The fatal mistake.} (48. Kf1 $1 {How should Black win this
crazy position?} R8c6 {trying to keep everything defended.} 49. Qg6+ Ke7 50. f5
$1 exf5 51. Qxf5 $15 {pawns keep getting exchanged and Black's task keeps
getting tougher.}) 48... Bxd4 $1 {White's Q checks will soon end and then he
will be a piece down.} 49. Qg6+ Kd8 50. Qxe6 (50. Qg8+ Kc7 51. Qf7+ Kb8 $19)
50... Rxf2+ 51. Kg3 Rc3+ 52. Kxg4 Rg2+ 53. Kf4 Rf2+ 54. Kg4 Kc7 55. Qe7+ (55.
Qxd5 Rc4 $19) 55... Kb6 56. Qd8+ Rc7 57. Qxd5 Bc5 {Everything has been
consolidated and the game is over.} 58. Qd8 Kb7 59. f6 Bxa3 60. Qd5+ Kb6 61.
Qd8 Bc5 62. Qb8+ Rb7 63. Qd8+ Ka7 64. Qd5 Bb6 65. Kg5 Rc7 66. Kg6 b4 67. Qe6
Bd4 {There were a lot of interesting ideas and tactics in the game but what I
particularly liked was the way in which Caruana outplayed Nakamura in the
equal middlegame. Sometimes just being there, and not doing anything can force
the opponent to make a mistake!} 0-1